[Event "GER-ch Net blitz qual4"]
[Site "Playchess.com INT"]
[Date "2021.05.10"]
[Round "5"]
[White "Becker, Marco"]
[Black "Gombert, Reiner"]
[Result "0-1"]
[WhiteElo "1982"]
[BlackElo "1790"]
[PlyCount "58"]
[EventDate "2021.05.10"]
[EventType "swiss (blitz)"]
[EventRounds "11"]
[EventCountry "GER"]
[SourceTitle "CBM 202 Extra"]
[Source "ChessBase"]
[SourceDate "2021.07.31"]
[SourceVersion "1"]
[SourceVersionDate "2021.07.31"]
[SourceQuality "1"]

1. e4 c5 2. g3 Nc6 3. Bg2 e6 4. Ne2 Nge7 5. 0-0 d5 6. d3 g6 7. Nbc3 Bg7 8. h3 a6 9. f4 b5 10. e5 h5 11. Kh2 Nf5 12. Bd2 0-0 13. Qe1 b4 14. Nd1 a5 15. c3 Ba6 16. Rf3 Qc7 17. g4 hxg4 18. hxg4 Nh6 19. Qh4 Qd8 20. g5 Nf5 21. Qh3 Re8 22. Nf2 Kf8 23. Rh1 Ke7 24. Ng4 Rh8 25. Kg1 Rxh3 26. Rfxh3 Qb6 27. Nf6 c4+ 28. d4 bxc3 29. bxc3 Qb2 0-1

[Event "Ruhrgebiet Regionalliga 1819"]
[Site "Nordrheinwestfalen"]
[Date "2018.10.28"]
[Round "3.4"]
[White "Gross, Thomas"]
[Black "Becker, Marco"]
[Result "1-0"]
[WhiteElo "1970"]
[BlackElo "1959"]
[PlyCount "71"]
[EventDate "2018.09.02"]
[EventType "team-tourn"]
[EventRounds "11"]
[EventCountry "GER"]
[SourceTitle "EXT 2022"]
[Source "ChessBase"]
[SourceDate "2021.10.06"]
[SourceVersion "1"]
[SourceVersionDate "2021.10.06"]
[SourceQuality "1"]
[WhiteTeam "Oberhausen SV II"]
[BlackTeam "Horst Emscher"]
[WhiteTeamCountry "GER"]
[BlackTeamCountry "GER"]

1. Nf3 Nf6 2. g3 c6 3. Bg2 d5 4. c4 e6 5. d4 Be7 6. Qc2 0-0 7. 0-0 Nbd7 8. b3 b6 9. Rd1 Bb7 10. Nc3 Rc8 11. e4 dxe4 12. Nxe4 Nxe4 13. Qxe4 Nf6 14. Qc2 Rc7 15. h4 Qa8 16. Bf4 Rcc8 17. c5 Nd5 18. Bg5 h6 19. Bxe7 Nxe7 20. Ne5 Rcd8 21. Rac1 b5 22. a4 bxa4 23. b4 a5 24. b5 Nd5 25. Qxa4 cxb5 26. Qxb5 f6 27. Nc4 a4 28. Na5 Qa6 29. Qxb7 Qxa5 30. Bxd5 Rxd5 31. c6 Qa8 32. Rb1 Qc8 33. c7 Kf7 34. Rdc1 Ke7 35. Qc6 Rd6 36. Qc5 1-0

[Event "Ruhrgebiet Verbandsliga Gruppe 1 1617"]
[Site "Germany"]
[Date "2017.04.30"]
[Round "9.6"]
[White "Becker, Marco"]
[Black "Dekhtyaryuk, Dimitri"]
[Result "1-0"]
[WhiteElo "2043"]
[BlackElo "1858"]
[PlyCount "97"]
[EventDate "2016.09.04"]
[EventType "team-tourn"]
[EventRounds "9"]
[EventCountry "GER"]
[SourceTitle "EXT 2022"]
[Source "ChessBase"]
[SourceDate "2021.10.06"]
[SourceVersion "1"]
[SourceVersionDate "2021.10.06"]
[SourceQuality "1"]
[WhiteTeam "Horst Emscher"]
[BlackTeam "Eichlinghofen SV"]
[WhiteTeamCountry "GER"]
[BlackTeamCountry "GER"]

1. e4 e5 2. Nf3 f5 3. Nc3 Nf6 4. exf5 e4 5. Qe2 Qe7 6. Nd4 d5 7. g4 h6 8. Bg2 c5 9. Nb3 Nc6 10. d3 exd3 11. Qxe7+ Bxe7 12. cxd3 Nb4 13. 0-0 d4 14. Nb5 0-0 15. h3 Nxd3 16. Rd1 Nxc1 17. Raxc1 Nd7 18. Re1 Bg5 19. Rc4 d3 20. Rd1 Nb6 21. Rxc5 Na4 22. Rd5 Nxb2 23. Rb1 Bf6 24. Nd2 a6 25. Nc7 Ra7 26. Ne4 b6 27. Nxf6+ gxf6 28. Ne6 Bxe6 29. fxe6 Na4 30. Rxd3 Nc5 31. Rd6 b5 32. Rc1 Rc7 33. Re1 Re8 34. f4 a5 35. f5 b4 36. Red1 a4 37. Rb6 b3 38. axb3 Nxb3 39. Bc6 Rec8 40. Bxa4 Nc5 41. Bb5 Ne4 42. Bd7 Nc3 43. Rd3 Na4 44. Bxa4 Rc1+ 45. Rd1 R1c4 46. Bb3 Rc3 47. e7+ Kg7 48. Rd8 Rc1+ 49. Kf2 1-0

[Event "WchT Seniors 50"]
[Site "Radebeul"]
[Date "2016.07.03"]
[Round "8.22"]
[White "Schultheis, Heinz"]
[Black "Becker, Marco"]
[Result "0-1"]
[WhiteElo "2114"]
[BlackElo "1987"]
[PlyCount "74"]
[EventDate "2016.06.26"]
[EventType "team-swiss"]
[EventRounds "9"]
[EventCountry "GER"]
[SourceTitle "CBM 173 Extra"]
[Source "ChessBase"]
[SourceDate "2016.08.29"]
[SourceVersion "1"]
[SourceVersionDate "2016.08.29"]
[SourceQuality "1"]
[WhiteTeam "Zeitz Schachfreunde"]
[BlackTeam "Horst Emscher"]
[WhiteTeamCountry "GER"]
[BlackTeamCountry "GER"]

1. d4 Nf6 2. c4 c5 3. d5 Ne4 4. f3 Qa5+ 5. Nd2 Nd6 6. e4 g6 7. Bd3 Bg7 8. Ne2 b5 9. 0-0 bxc4 10. Nxc4 Nxc4 11. Bxc4 Ba6 12. Bd2 Qb6 13. Bxa6 Qxa6 14. Bc3 0-0 15. e5 d6 16. exd6 exd6 17. Bxg7 Kxg7 18. Nc3 Nd7 19. Qd2 Rfe8 20. Rfe1 Ne5 21. Ne4 Qd3 22. Rad1 Qxd2 23. Nxd2 f5 24. f4 Nd3 25. Rxe8 Rxe8 26. Nc4 Nxf4 27. Nxd6 Re2 28. Nc4 Rxg2+ 29. Kh1 Rc2 30. b3 Re2 31. d6 Ne6 32. Rd5 Kf6 33. Kg1 Nd8 34. Rxc5 Rxa2 35. Rc8 Ne6 36. Rc7 h5 37. Rb7 f4 0-1

[Event "Ruhrgebiet Verbandsliga Gruppe 2 1516"]
[Site "Germany"]
[Date "2016.01.24"]
[Round "6.5"]
[White "Becker, Marco"]
[Black "Riese, Manfred"]
[Result "0-1"]
[WhiteElo "1982"]
[BlackElo "1827"]
[PlyCount "96"]
[EventDate "2015.09.06"]
[EventType "team-tourn"]
[EventRounds "9"]
[EventCountry "GER"]
[SourceTitle "EXT 2022"]
[Source "ChessBase"]
[SourceDate "2021.10.06"]
[SourceVersion "1"]
[SourceVersionDate "2021.10.06"]
[SourceQuality "1"]
[WhiteTeam "Horst Emscher"]
[BlackTeam "Muelheim SC"]
[WhiteTeamCountry "GER"]
[BlackTeamCountry "GER"]

1. e4 d6 2. Nf3 Nf6 3. Nc3 c6 4. d4 Bg4 5. Be2 Nbd7 6. 0-0 g6 7. h3 Bxf3 8. Bxf3 Bg7 9. Be3 0-0 10. Ne2 Qc7 11. Rc1 Rac8 12. g3 e5 13. c3 Rfe8 14. Qd3 d5 15. Bg2 dxe4 16. Qd2 exd4 17. cxd4 Nb6 18. Bf4 Qd7 19. Qa5 Nfd5 20. Rfd1 h6 21. Be3 Nxe3 22. fxe3 Nd5 23. Qd2 h5 24. Nf4 Rcd8 25. Nxd5 Qxd5 26. h4 Bh6 27. b4 Qd6 28. Kh2 g5 29. hxg5 Bxg5 30. Rc5 f6 31. Bh3 h4 32. Rg1 Kh7 33. Qe2 Kh6 34. Qg4 Rg8 35. Kh1 hxg3 36. Rxg3 b6 37. Rf5 Qxb4 38. Bf1 Rdf8 39. Be2 Qe1+ 40. Kg2 Rg6 41. Rf1 Qd2 42. Rh1+ Kg7 43. Qh5 Rg8 44. Rd1 Qxa2 45. d5 Rh8 46. Qg4 f5 47. Ra1 Qxa1 48. Qxf5 Qh1+ 0-1

[Event "Ruhrgebiet Verbandsliga Gruppe 1 1415"]
[Site "Germany"]
[Date "2015.01.18"]
[Round "5.8"]
[White "Becker, Marco"]
[Black "Winzbeck, Frank"]
[Result "1-0"]
[WhiteElo "1962"]
[BlackElo "1909"]
[PlyCount "61"]
[EventDate "2014.09.21"]
[EventType "team-tourn"]
[EventRounds "9"]
[EventCountry "GER"]
[SourceTitle "EXT 2022"]
[Source "ChessBase"]
[SourceDate "2021.10.06"]
[SourceVersion "1"]
[SourceVersionDate "2021.10.06"]
[SourceQuality "1"]
[WhiteTeam "Horst Emscher"]
[BlackTeam "Gladbeck SG"]
[WhiteTeamCountry "GER"]
[BlackTeamCountry "GER"]

1. e4 c5 2. g3 Nc6 3. Bg2 d6 4. Ne2 g6 5. 0-0 Bg7 6. d3 Nf6 7. c3 Qb6 8. h3 0-0 9. Nd2 e5 10. Nc4 Qc7 11. Ne3 b5 12. f4 Ne7 13. g4 exf4 14. Nxf4 Bb7 15. g5 Nd7 16. Ng4 Rad8 17. h4 Ne5 18. Nf6+ Kh8 19. h5 Bc8 20. N4d5 Qb7 21. Nxe7 Qxe7 22. Nd5 Qe6 23. h6 Bxh6 24. gxh6 f5 25. Bg5 Rd7 26. d4 cxd4 27. cxd4 Nc4 28. b3 Nb6 29. exf5 gxf5 30. Re1 Qg6 31. Bf6+ 1-0

[Event "Ruhrgebiet Verbandsliga Gruppe 1 1415"]
[Site "Germany"]
[Date "2014.09.21"]
[Round "1"]
[White "Becker, Marco"]
[Black "Behnick, Eckhard"]
[Result "1-0"]
[WhiteElo "1914"]
[BlackElo "1758"]
[PlyCount "85"]
[EventDate "2014.09.21"]
[EventType "team-tourn"]
[EventRounds "9"]
[EventCountry "GER"]
[SourceTitle "EXT 2022"]
[Source "ChessBase"]
[SourceDate "2021.10.06"]
[SourceVersion "1"]
[SourceVersionDate "2021.10.06"]
[SourceQuality "1"]
[WhiteTeam "Horst Emscher"]
[BlackTeam "Herne Sodingen II"]
[WhiteTeamCountry "GER"]
[BlackTeamCountry "GER"]

1. e4 c5 2. g3 g6 3. Bg2 Bg7 4. Ne2 Nc6 5. 0-0 d6 6. d3 Nf6 7. h3 0-0 8. c3 Qc7 9. f4 Ne8 10. Na3 f5 11. Nc4 b5 12. Ne3 e6 13. g4 fxe4 14. dxe4 b4 15. Qa4 Bd7 16. Qc2 bxc3 17. bxc3 Ne7 18. f5 exf5 19. exf5 Bc6 20. Nf4 Qd7 21. Ne6 Rf7 22. Nxg7 Kxg7 23. c4 Bxg2 24. Qxg2 Rb8 25. Bb2+ Kg8 26. fxg6 Rxf1+ 27. Rxf1 hxg6 28. Qf2 Nf5 29. gxf5 Ng7 30. Bxg7 Kxg7 31. f6+ Kf8 32. Qh4 Qf7 33. Qh8+ Qg8 34. Qh6+ Kf7 35. Nd5 Qh8 36. Qxh8 Rxh8 37. Rb1 Rxh3 38. Rb7+ Kf8 39. Nf4 Rf3 40. Nxg6+ Ke8 41. Re7+ Kd8 42. f7 Rf6 43. Re8+ 1-0

[Event "NRW Verbandsliga Group2 1314"]
[Site "Nordrheinwestfalen"]
[Date "2013.11.24"]
[Round "4"]
[White "Becker, Marco"]
[Black "Bryjak, Hans Guenther"]
[Result "1-0"]
[WhiteElo "1876"]
[BlackElo "1975"]
[PlyCount "83"]
[EventDate "2013.09.08"]
[EventType "team-tourn"]
[EventRounds "9"]
[EventCountry "GER"]
[SourceTitle "EXT 2020"]
[Source "ChessBase"]
[SourceDate "2019.10.17"]
[SourceVersion "1"]
[SourceVersionDate "2019.10.17"]
[SourceQuality "1"]
[WhiteTeam "Horst Emscher"]
[BlackTeam "Dortmund SV"]
[WhiteTeamCountry "GER"]
[BlackTeamCountry "GER"]

1. e4 c5 2. g3 g6 3. Bg2 Bg7 4. Ne2 Nc6 5. 0-0 Nf6 6. d3 0-0 7. c3 d6 8. h3 e6 9. f4 Ne8 10. Nd2 f5 11. Qc2 Qc7 12. Nf3 fxe4 13. dxe4 Bd7 14. Be3 b6 15. Rad1 c4 16. Rd2 b5 17. Rfd1 a5 18. e5 d5 19. Bc5 Nxe5 20. Bxf8 Nxf3+ 21. Bxf3 Kxf8 22. Kh2 Bc6 23. Nd4 Bxd4 24. Rxd4 Ng7 25. Qf2 Be8 26. R4d2 Qa7 27. Qxa7 Rxa7 28. g4 Bf7 29. Kg3 Ke7 30. h4 h5 31. Re1 hxg4 32. Bxd5 Rd7 33. Rdd1 Nf5+ 34. Kxg4 Kf6 35. Bf3 Rc7 36. Be4 Be8 37. Rd8 Bc6 38. Bxc6 Rxc6 39. Re5 Rb6 40. Rc5 b4 41. Rc7 bxc3 42. Rf8# 1-0